000 00429pab a2200169 454500
008 180718b2017 xxu||||| |||| 00| 0 eng d
100 _aYadav, Hukum Chand
245 _aSushaasan aur vikas: granth suchi
260 _c2017
300 _ap.309-328.
362 _aJul-Dec
650 _aGood governance - Bibliography
650 _aGood governance
700 _aGautam, Sunita
773 _aLok Prashasan
909 _a117321
999 _c117315
_d117315